Magnetické pole reluktačného motora : Kand.diz.práca : V.odb. 26-02-9 : Obh. 15.12.1956 /

Na minha lista:
Detalhes bibliográficos
Autor principal: Cesnak, Ladislav (Author)
Outros Autores: Cigánek, Ladislav (Thesis advisor)
Formato: Manuscrito Livro
Publicado em: Bratislava : SVŠT v Bratislave EF, 1956
Assuntos:
Tags: Adicionar Tag
Sem tags, seja o primeiro a adicionar uma tag!

MARC

LEADER 00000ntm a22000003a 4500
001 stu5484
005 20150617225810.5
008 ------s1956----------------------------d
040 |a STU  |b slo 
041 0
100 1 |a Cesnak, Ladislav  |4 aut 
245 1 |a Magnetické pole reluktačného motora :  |b Kand.diz.práca : V.odb. 26-02-9 : Obh. 15.12.1956 /  |c [aut.] Cesnak,L.; Škol. Cigánek,Ladislav 
260 |a Bratislava :  |b SVŠT v Bratislave EF,  |c 1956 
300 |a 53 s :  |b príl 
650 7 |a elektrické stroje a prístroje  |2 stusub 
700 1 |a Cigánek, Ladislav  |4 ths 
996 |b 284ED00153  |c E*KDIZ-8  |l EE01  |s A  |a 24  |w stu5484_0001